000 00653nam a22002297a 4500
003 UA-OsUOA
001 19751
007 ta
008 20040920b un ||||| |||| 00| 0 ukr d
100 _aОвсеюк Є.
090 _bН-37
942 _cSA
040 _aUA-OsUOA
_bukr
_cUA-OsUOA
_dUA-OsUOA
245 _aСліди на чужій землі
_b[Спогади колишнього репресованого, жителя Здолбунівщини]
300 _aС.55-77
955 _a0
041 _aukr
591 _a63.3(4Укр)
044 _aUA
773 0 _w0
_tНаша Волинь
_dРівне
_d2002
650 7 _aІсторія
_2UDC
999 _c305924
_d305924